007660000a220013300045001000027000002450043000273000048000705000046001185200308001647730045004729420008005179520090005259990017006151 aKalmanovitz G., Manuel10aMala memoria : El fiasco de James Frey aVol.0, núm.5 (Febrero, 2006), Página 24 aEscritor, periodista y crítico de cine. aLa publicación de las memorias literarias de James Frey habría pasado desapercibida de no ser porque la famosa presentadora de televisión Oprah Winfrey alabó el libro. Lo que parecía una biografía más con sexo, drogas y desmanes, se convirtió en un éxito de ventas lleno de mentiras.0 tArcadia / Andrés Felipe Solano, Editor cANA 001040708HEMaFUSBCbFUSBCd2016-01-26l0o r2016-01-26 00:00:00w2016-01-26yANA c61749d61749